Perspektívy vývoja cestovného ruchu z hľadiska klimatických zmien

Príčiny a príznaky globálneho otepľovania. Vplyv klimatických zmien vo svete. Prímorské oblasti a globálne otepľovanie. Príklady prímorských krajín postihnutých globálnym otepľovaním. Vplyv globálneho otepľovania na cestovný ruch. Vplyv globálneho otepľovania na lyžiarske strediská.

Enregistré dans:
Détails bibliographiques
Auteur principal: Litomerický, Juraj
Format: Chapitre de livre
Langue:slovaque
Sujets:
Tags: Ajouter un tag
Pas de tags, Soyez le premier à ajouter un tag!

MARC

LEADER 00000naa a2200000 4500
001 0164119
005 20240502072847.0
041 0 |a slo 
044 |a SK 
245 1 0 |a Perspektívy vývoja cestovného ruchu z hľadiska klimatických zmien  |c Juraj Litomerický 
520 |a Príčiny a príznaky globálneho otepľovania. Vplyv klimatických zmien vo svete. Prímorské oblasti a globálne otepľovanie. Príklady prímorských krajín postihnutých globálnym otepľovaním. Vplyv globálneho otepľovania na cestovný ruch. Vplyv globálneho otepľovania na lyžiarske strediská. 
610 2 0 |a ruch cestovný 
610 2 0 |a zmeny klimatické 
610 2 0 |a emisie 
610 2 0 |a ochrana prostredia životného 
610 2 0 |a more 
610 2 0 |a lesy 
100 1 |a Litomerický, Juraj